000 00873nam0a22002411 4500
001 rc\1053137
005 20041129103759.8
035 _a(NLR Aleph) 006214485
090 _a6403468
_c6403468
100 _a20041129d1980 u |0rusy50 ca
101 0 _arus
102 _aRU
105 _ay |||||||||
200 1 _aАктуальные вопросы медицинской паразитологии
_eСб. науч. тр.
_fТашк. гос. мед. ин-т
_g[Редкол.: И.К. Мусабаев (отв. ред.) и др.]
210 _aТашкент
_cТашМИ
_d1980
215 _a94 с.
_d20
702 1 _aМусабаев
_bИ. К.
_gИсхак Курбанович
_4340
712 0 2 _aТашкентский мед. ин-т
_3RU\NLR\AUTH\889927685
801 0 _aRU
_bNLR
_gpsbo
801 1 _aRU
_bELAR
_2rusmarc
852 _aNLR
_j81-4/13262
942 _cBOOK
980 _aNB